MARC

LEADER 00000nas a2200000 a 4500
001 ssj0000800555
003 WaSeSS
005 20200512172242.0
006 m d
007 cr n
008 081121c20099999nz an s 0 a0eng c
010 |a  2012254641 
016 7 |a 2520715-5  |2 DE-600 
022 |a 1179-1616  |l 1179-1616 
035 |a (WaSeSS)ssj0000800555 
040 |a NZ1  |b eng  |c NZ1  |d HEBIS  |d OCLCQ  |d NTE  |d OCLCQ  |d CUV  |d CUS  |d OCLCF  |d EUW  |d CUI  |d OCLCQ  |d LIP  |d XFH  |d WT2  |d OCLCO  |d OCLCQ  |d OCLCO  |d WY@  |d OCLCO  |d OCLCA  |d MOW  |d CRU  |d OCLCQ  |d OCLCO  |d AU@  |d OCLCO  |d WYU  |d VT2  |d OCLCQ  |d OCLCO  |d WaSeSS 
042 |a pcc 
050 4 |a RD120.7 
082 0 4 |a 617.95405  |2 22 
210 1 |a Transpl. res. risk manag. 
222 0 |a Transplant research and risk management 
245 0 0 |a Transplant research and risk management  |h [electronic resource]. 
260 |a [Auckland, N.Z.] :  |b Dove Medical Press,  |c ©2009- 
310 |a Annual 
362 1 |a Began with v. 1 (2009). 
500 |a Archived by the National Library of New Zealand. 
506 |a License restrictions may limit access. 
515 |a Articles added irregularly during the year and collected into annual issues. 
588 0 |a First issue; title from issue home page (viewed Feb. 10, 2010). 
588 1 |a Vol. 4 (2012). 
650 0 |a Transplantation of organs, tissues, etc  |v Periodicals. 
650 0 |a Transplantation immunology  |v Periodicals. 
650 2 |a Transplantation. 
650 2 |a Transplantation Immunology. 
650 7 |a Transplantation immunology.  |2 fast  |0 (OCoLC)fst01154917 
650 7 |a Transplantation of organs, tissues, etc.  |2 fast  |0 (OCoLC)fst01154919 
655 0 |a Electronic journals. 
856 4 0 |z Full text available from Research Library: 01/01/2009 to present  |u https://search.proquest.com/publication/3933271